[Event "Brasschaat op 01st"]
[Site "Brasschaat"]
[Date "2001.08.19"]
[Round "1"]
[White "Van Handenhove, Robert"]
[Black "Avontuur, Theo"]
[Result "0-1"]
[WhiteElo "1734"]
[BlackElo "1764"]
[PlyCount "98"]
[EventDate "2001.08.19"]
[EventType "swiss"]
[EventRounds "7"]
[EventCountry "BEL"]
[SourceTitle "EXT 2017"]
[Source "ChessBase"]
[SourceDate "2016.10.25"]
[SourceVersion "1"]
[SourceVersionDate "2016.10.25"]
[SourceQuality "1"]

1. d4 Nf6 2. Nf3 c5 3. e3 e6 4. Bd3 b6 5. Qe2 Bb7 6. Nbd2 Be7 7. c3 0-0 8. 0-0 d5 9. Re1 Nc6 10. h3 Rc8 11. Bc2 cxd4 12. exd4 a6 13. Qd3 g6 14. Qe2 b5 15. a3 Nh5 16. Nf1 Bf6 17. Bh6 Re8 18. Ne5 Qc7 19. f4 Nxd4 20. cxd4 Qxc2 21. g4 Qxe2 22. Rxe2 Ng7 23. Ng3 Rc7 24. Kf2 Rec8 25. Rd2 Bh4 26. Nd3 Ne8 27. Nc5 Nd6 28. Rd3 Ne4+ 29. Ncxe4 dxe4 30. Re3 Rc2+ 31. Kf1 f5 32. b4 Bd5 33. Ne2 Bc4 34. Bg5 Bxg5 35. fxg5 Bd3 36. Ke1 R2c4 37. Nf4 Rxd4 38. Nxe6 Rdc4 39. Kf2 Kf7 40. Nc5 f4 41. Ree1 Rc6 42. Red1 Rd6 43. Ra2 Rcd4 44. Kg1 e3 45. Nxd3 Rxd3 46. Rxd3 Rxd3 47. Kf1 f3 48. Ra1 Rd2 49. Ke1 Rh2 0-1